00000000nam##2200000za#4500
0019.663143
003CaOODSP
00520210615120916
007ta
008150407|2001||||xxc|||||     f|0| 0 eng|d
020 |a0-662-66025-0
040 |aCaOODSP|beng
041 |aeng
041 |afre
043 |an-cn---
0861 |aH49-143/2001
1101 |aCanada. |bHealth Products and Food Branch.
24510|aUnpasteurized fruit juices and cider : |bknow what you are drinking
260 |aOttawa - Ontario : |bHealth Canada. |c2001.
546 |aBilingual
563 |aPamphlet
590 |a01-38|b2001-09-21
69007|aFood safety|2gcpds
69007|aAgri-food products|2gcpds
7760#|tLes jus de fruits non pasteurisés : |w(CaOODSP)9.675630
792 |tLes jus de fruit non pasteurisés : |efre|w(CaOODSP)9.663144